Organic Chemistry (Record no. 16253)
[ view plain ]
| 000 -LEADER | |
|---|---|
| fixed length control field | 00209nam a22000977a 4500 |
| 003 - CONTROL NUMBER IDENTIFIER | |
| control field | OSt |
| 008 - FIXED-LENGTH DATA ELEMENTS--GENERAL INFORMATION | |
| fixed length control field | 200626b ||||| |||| 00| 0 eng d |
| 100 ## - MAIN ENTRY--AUTHOR NAME | |
| Personal name | B.S. Bahl |
| 245 ## - TITLE STATEMENT | |
| Title | Organic Chemistry |
| 942 ## - ADDED ENTRY ELEMENTS (KOHA) | |
| Koha item type | Books |
| Withdrawn status | Lost status | Damaged status | Home library | Current library | Date acquired | Cost, normal purchase price | Accession Number | Koha item type |
|---|---|---|---|---|---|---|---|---|
| Withdrawn | Lost and Paid For | KAUAET | KAUAET | 26/06/2020 | 11.50 | 7521 | Books |
